000 01856cam a2200373 i 4500
003 DO-SdBNP
005 20240301185228.0
007 ta
008 751003s2011 sp 001 0 spa d
020 _a9788420655000
040 _aDO-SdBNP
_bspa
_cBNPHU
_erda
082 _bM392e
_222
100 1 _aMarx, Karl,
_d1818-1883
_930439
240 1 0 _aManifest der kommunistischen partei (1848) /
_lEspañol
245 1 0 _aManifiesto comunista /
_cKarl Marx, Friedrich Engels ; traducción Pedro Ribas
250 _a2a. edición
264 1 _aMadrid, España :
_bAlianza editorial,
_c2011.
264 3 _c2017, 7ma. reimpresión
300 _a135 páginas
_c18 cm.
336 _2rdacontent
_atexto
_btxt
337 _2rdamedia
_asin mediación
_bn
338 _2rdacarrier
_avolumen
_bnc
490 1 _aCiencias sociales
500 _aIncluye Índice onomástico.
500 _aEl libro de bolsillo
500 _aLa biblioteca posee la séptima reimpresión del 2017.
504 _aBibliografía p: 43
520 _aSi bien el manifiesto comunista fue concebido, al igual que otras obras capitales de la reflexión política, como un panfleto, el paso del tiempo, que ha decantado la intensidad épica de su prosa, y su indiscutible relevancia en el devenir de la historia del mundo moderno, han conferido la categoría de clásico del pensamiento al opúsculo que publicaran en 1848 Karl Marx (1818-1883) y Friedrich Engels (1820-1895). La presente edición del texto está precedida por una introducción a Marx y a la historia del marxismo, cuenta con notas destinadas a clarificar los pasajes oscuros y se completa con un sencillo e indispensable glosario.
590 _aInventariado, 2023/ YL
700 1 _aEngels, Friedrich,
_d1820-1895
_960306
700 1 _aRibas, Pedro
_etraducción
_942669
910 _aYlockward
942 _2ddc
_cLBS1
999 _c55107
_d55107